| 000 | 00343nam a22001457a 4500 | ||
|---|---|---|---|
| 008 | 210528b ||||| |||| 00| 0 eng d | ||
| 020 | _a9780471317135 | ||
| 041 | _aeng | ||
| 080 |
_24th _a621 |
||
| 082 | _a621 | ||
| 100 | _a26 | ||
| 101 | _aMEK | ||
| 245 |
_aFundamentals of Engineering Thermodynamics _cMichael J. Moran |
||
| 942 |
_2udc _cBK |
||
| 999 |
_c57813 _d57813 |
||